<?xml version="1.0" encoding="UTF-8"?>
<record
    xmlns:xsi="http://www.w3.org/2001/XMLSchema-instance"
    xsi:schemaLocation="http://www.loc.gov/MARC21/slim http://www.loc.gov/standards/marcxml/schema/MARC21slim.xsd"
    xmlns="http://www.loc.gov/MARC21/slim">

  <leader>00527nam a22001577a 4500</leader>
  <controlfield tag="003">OSt</controlfield>
  <controlfield tag="005">20151117160040.0</controlfield>
  <controlfield tag="008">151117b        xxu||||| |||| 00| 0 eng d</controlfield>
  <datafield tag="040" ind1=" " ind2=" ">
    <subfield code="c">RUA </subfield>
  </datafield>
  <datafield tag="082" ind1=" " ind2=" ">
    <subfield code="a">FIS &#x17A2;&#x17CA;&#x17B7;&#x1793; 1992 B146 Or.1</subfield>
  </datafield>
  <datafield tag="100" ind1=" " ind2=" ">
    <subfield code="9">3820</subfield>
    <subfield code="a">&#x17A2;&#x17CA;&#x17B7;&#x1793; &#x1798;&#x17BB;&#x1793;&#x17B8;&#x179A;&#x17B7;&#x1791;&#x17D2;&#x1792;</subfield>
  </datafield>
  <datafield tag="245" ind1=" " ind2=" ">
    <subfield code="a">Inundated forest in kompong cham province, &#x1796;&#x17D2;&#x179A;&#x17C3;&#x179B;&#x17B7;&#x1785;&#x1791;&#x17B9;&#x1780;&#x1780;&#x17D2;&#x1793;&#x17BB;&#x1784;&#x1781;&#x17C1;&#x178F;&#x17D2;&#x178F;&#x1780;&#x17C6;&#x1796;&#x1784;&#x17CB;&#x1785;&#x17B6;&#x1798;,</subfield>
  </datafield>
  <datafield tag="260" ind1=" " ind2=" ">
    <subfield code="a">Phnom Penh </subfield>
    <subfield code="b">RUA </subfield>
    <subfield code="c">1992</subfield>
  </datafield>
  <datafield tag="300" ind1=" " ind2=" ">
    <subfield code="a">89p.</subfield>
    <subfield code="b">ill.</subfield>
    <subfield code="c">29cm.</subfield>
  </datafield>
  <datafield tag="942" ind1=" " ind2=" ">
    <subfield code="2">ddc</subfield>
    <subfield code="c">FIS</subfield>
  </datafield>
  <datafield tag="999" ind1=" " ind2=" ">
    <subfield code="c">3553</subfield>
    <subfield code="d">3553</subfield>
  </datafield>
  <datafield tag="952" ind1=" " ind2=" ">
    <subfield code="0">0</subfield>
    <subfield code="1">0</subfield>
    <subfield code="2">ddc</subfield>
    <subfield code="4">0</subfield>
    <subfield code="6">FIS_&#x17A2;&#x17B7;&#x1793;_1992_000000000000000_B146_OR_1</subfield>
    <subfield code="7">0</subfield>
    <subfield code="9">17105</subfield>
    <subfield code="a">LBB</subfield>
    <subfield code="b">LBB</subfield>
    <subfield code="c">B146</subfield>
    <subfield code="d">2015-11-17</subfield>
    <subfield code="o">FIS &#x17A2;&#x17CA;&#x17B7;&#x1793; 1992 B146 Or.1</subfield>
    <subfield code="p">RUA037616</subfield>
    <subfield code="r">2015-11-17</subfield>
    <subfield code="w">2015-11-17</subfield>
    <subfield code="y">FIS</subfield>
  </datafield>
  <datafield tag="952" ind1=" " ind2=" ">
    <subfield code="0">0</subfield>
    <subfield code="1">0</subfield>
    <subfield code="2">ddc</subfield>
    <subfield code="4">0</subfield>
    <subfield code="6">FIS_&#x17A2;&#x17B7;&#x1793;_1992_000000000000000_B146_OR_2</subfield>
    <subfield code="7">0</subfield>
    <subfield code="9">17106</subfield>
    <subfield code="a">LBB</subfield>
    <subfield code="b">LBB</subfield>
    <subfield code="c">B146</subfield>
    <subfield code="d">2015-11-17</subfield>
    <subfield code="o">FIS &#x17A2;&#x17CA;&#x17B7;&#x1793; 1992 B146 Or.2</subfield>
    <subfield code="p">RUA021086</subfield>
    <subfield code="r">2015-11-17</subfield>
    <subfield code="w">2015-11-17</subfield>
    <subfield code="y">FIS</subfield>
  </datafield>
  <datafield tag="952" ind1=" " ind2=" ">
    <subfield code="0">0</subfield>
    <subfield code="1">0</subfield>
    <subfield code="2">ddc</subfield>
    <subfield code="4">0</subfield>
    <subfield code="6">FIS_&#x17A2;&#x17B7;&#x1793;_1992_000000000000000_B146_OR_3</subfield>
    <subfield code="7">0</subfield>
    <subfield code="9">17107</subfield>
    <subfield code="a">LBB</subfield>
    <subfield code="b">LBB</subfield>
    <subfield code="c">B146</subfield>
    <subfield code="d">2015-11-17</subfield>
    <subfield code="o">FIS &#x17A2;&#x17CA;&#x17B7;&#x1793; 1992 B146 Or.3</subfield>
    <subfield code="p">RUA020439</subfield>
    <subfield code="r">2015-11-17</subfield>
    <subfield code="w">2015-11-17</subfield>
    <subfield code="y">FIS</subfield>
  </datafield>
  <datafield tag="952" ind1=" " ind2=" ">
    <subfield code="0">0</subfield>
    <subfield code="1">0</subfield>
    <subfield code="2">ddc</subfield>
    <subfield code="4">0</subfield>
    <subfield code="6">FIS_&#x17A2;&#x17B7;&#x1793;_1992_000000000000000_B146_OR_4</subfield>
    <subfield code="7">0</subfield>
    <subfield code="9">17108</subfield>
    <subfield code="a">LBB</subfield>
    <subfield code="b">LBB</subfield>
    <subfield code="c">B146</subfield>
    <subfield code="d">2015-11-17</subfield>
    <subfield code="o">FIS &#x17A2;&#x17CA;&#x17B7;&#x1793; 1992 B146 Or.4</subfield>
    <subfield code="p">RUA020511</subfield>
    <subfield code="r">2015-11-17</subfield>
    <subfield code="w">2015-11-17</subfield>
    <subfield code="y">FIS</subfield>
  </datafield>
  <datafield tag="952" ind1=" " ind2=" ">
    <subfield code="0">0</subfield>
    <subfield code="1">0</subfield>
    <subfield code="2">ddc</subfield>
    <subfield code="4">0</subfield>
    <subfield code="6">FIS_&#x17A2;&#x17B7;&#x1793;_1992_000000000000000_B146_OR_5</subfield>
    <subfield code="7">0</subfield>
    <subfield code="9">17109</subfield>
    <subfield code="a">LBB</subfield>
    <subfield code="b">LBB</subfield>
    <subfield code="c">B146</subfield>
    <subfield code="d">2015-11-17</subfield>
    <subfield code="o">FIS &#x17A2;&#x17CA;&#x17B7;&#x1793; 1992 B146 Or.5</subfield>
    <subfield code="p">RUA020583</subfield>
    <subfield code="r">2015-11-17</subfield>
    <subfield code="w">2015-11-17</subfield>
    <subfield code="y">FIS</subfield>
  </datafield>
  <datafield tag="952" ind1=" " ind2=" ">
    <subfield code="0">0</subfield>
    <subfield code="1">0</subfield>
    <subfield code="2">ddc</subfield>
    <subfield code="4">0</subfield>
    <subfield code="6">FIS_&#x17A2;&#x17B7;&#x1793;_1992_000000000000000_B146_OR_6</subfield>
    <subfield code="7">0</subfield>
    <subfield code="9">17110</subfield>
    <subfield code="a">LBB</subfield>
    <subfield code="b">LBB</subfield>
    <subfield code="c">B146</subfield>
    <subfield code="d">2015-11-17</subfield>
    <subfield code="o">FIS &#x17A2;&#x17CA;&#x17B7;&#x1793; 1992 B146 Or.6</subfield>
    <subfield code="p">RUA020923</subfield>
    <subfield code="r">2015-11-17</subfield>
    <subfield code="w">2015-11-17</subfield>
    <subfield code="y">FIS</subfield>
  </datafield>
  <datafield tag="952" ind1=" " ind2=" ">
    <subfield code="0">0</subfield>
    <subfield code="1">0</subfield>
    <subfield code="2">ddc</subfield>
    <subfield code="4">0</subfield>
    <subfield code="6">FIS_&#x17A2;&#x17B7;&#x1793;_1992_000000000000000_B146_OR_7</subfield>
    <subfield code="7">0</subfield>
    <subfield code="9">17111</subfield>
    <subfield code="a">LBB</subfield>
    <subfield code="b">LBB</subfield>
    <subfield code="c">B146</subfield>
    <subfield code="d">2015-11-17</subfield>
    <subfield code="o">FIS &#x17A2;&#x17CA;&#x17B7;&#x1793; 1992 B146 Or.7</subfield>
    <subfield code="p">RUA020924</subfield>
    <subfield code="r">2015-11-17</subfield>
    <subfield code="w">2015-11-17</subfield>
    <subfield code="y">FIS</subfield>
  </datafield>
  <datafield tag="952" ind1=" " ind2=" ">
    <subfield code="0">0</subfield>
    <subfield code="1">0</subfield>
    <subfield code="2">ddc</subfield>
    <subfield code="4">0</subfield>
    <subfield code="6">FIS_&#x17A2;&#x17B7;&#x1793;_1992_000000000000000_B146_OR_8</subfield>
    <subfield code="7">0</subfield>
    <subfield code="9">17112</subfield>
    <subfield code="a">LBB</subfield>
    <subfield code="b">LBB</subfield>
    <subfield code="c">B146</subfield>
    <subfield code="d">2015-11-17</subfield>
    <subfield code="l">1</subfield>
    <subfield code="o">FIS &#x17A2;&#x17CA;&#x17B7;&#x1793; 1992 B146 Or.8</subfield>
    <subfield code="p">RUA021068</subfield>
    <subfield code="r">2016-10-12</subfield>
    <subfield code="s">2016-09-13</subfield>
    <subfield code="w">2015-11-17</subfield>
    <subfield code="y">FIS</subfield>
  </datafield>
</record>
